000
00337nam a2200145Ia 4500
005
20251222152715.0
008
251222s9999||||xx |||||||||||||| ||spa||
020
_a
9972-717-07-0
082
_a
918.571.4/R62
100
_a
Rivera Martínez, Edgardo
245
0
_a
Río Amazonas:
250
_a
1a.ed.
264
_b
TEAM,
942
_c
LIB
999
_c
29348
_d
29348